| 000 | 00778nam a22002177a 4500 | ||
|---|---|---|---|
| 003 | OSt | ||
| 005 | 20250829075633.0 | ||
| 008 | 250829b |||||||| |||| 00| 0 eng d | ||
| 020 | _a978-621-427-127-6 | ||
| 040 |
_aDWC-Main Lib _cOC |
||
| 082 | _aFil. 550 R456e 2023 | ||
| 100 | _aReyes, Juan Apolinario | ||
| 245 |
_aEarth science : _bquaternary earth the age of humans/ _cJuan Apolinario Reyes & Marco Apolinario Reyes |
||
| 250 | _aSecond Edition | ||
| 260 |
_aIntramuros, Manila Philippines : _bUnlimited Books Library Service, _cc2023. |
||
| 300 |
_aviii, 220 pages : _billustrations ; _c26cm. |
||
| 504 | _aIncludes bibliographical references. | ||
| 650 | _a1. Earth science. | ||
| 700 | _aReyes, Marco Apolinario | ||
| 942 |
_2ddc _cBK - FIL _eSecond edition _kFil. _n0 |
||
| 999 |
_c4360 _d4360 |
||